Le latin de cinquieme 5: cycle d´ observation

Enregistré dans:
Détails bibliographiques
Auteur principal: Cart, Adrien
Format: Livre
Langue:Undetermined
Publié: París, Francia Fernand Nathan 1961
Sujets:
Tags: Ajouter un tag
Pas de tags, Soyez le premier à ajouter un tag!

MARC

LEADER 00000nam a2200000Ia 4500
008 170316s9999 xx 000 0 und d
090 |a 415-L C-1L 
100 |a Cart, Adrien 
245 |a Le latin de cinquieme 5: cycle d´ observation 
260 |a París, Francia 
260 |b Fernand Nathan 
260 |c 1961 
300 |a 320 páginas 
650 |a GRAMÁTICA LATINA 
999 |c 19609  |d 19609 
040 |a cru BVZT 
942 |c 15 D  |h 415-L C-1L  |2 z